000 00701cab a2200217 4500
001 A65
008 090401t1982 xxu||||| |||| 00| 0 eng d
035 _a(Sirsi) u32077
041 _aeng
100 _aArnison, C.J.
245 4 _aThe literature of valuation: a bibliography of works published
260 _c1982
350 _a0
490 _aJournal of Valuation
_v1(1) Autumn 1982, 93-100(8)
520 _aA brief bibliography of works on valuation and estate management from the 16th to 19th centuries. Some titles are in the RICS Library historicall collection.
650 _aHISTORY
650 _aValuation
_96273
690 _aRATING AND VALUATION
942 _n0
948 _c04/03/1997
999 _c21529
_d21529